Gaza graffiti : messages of love and politics

Bibliographic Details
Main Author: Grondahl, Mia
Format: Book
Published: New York : The American University in Cairo Press , 2009
Subjects:

MARC

LEADER 00000cam a2200000 7i4500
001 0000140603
005 20100809.0
020 |a 9789774163210 
090 0 0 |a 751.73   |b GRO 
100 1 |a Grondahl, Mia 
245 1 0 |a Gaza graffiti :   |b messages of love and politics   |c Mia Grondahl 
260 |a New York :   |b The American University in Cairo Press ,   |c 2009 
300 |a 156p. ;   |c 21cm. 
650 0 0 |a Graffiti   |z Gaza 
999 |a 00238583   |b BUKU   |c PINJAMAN   |e PERPUSTAKAAN KOMUNITI PETALING JAYA